[Event "USA-ch16 prel 10 corr0204"]
[Site "USA"]
[Date "2002.09.03"]
[Round "?"]
[White "Tomporowski, Stephen"]
[Black "Johnson, Gardner R"]
[Result "1-0"]
[WhiteElo "2341"]
[BlackElo "2285"]
[PlyCount "91"]
[EventDate "2002.??.??"]
[EventType "tourn (corr)"]
[EventRounds "6"]
[EventCountry "USA"]
[SourceTitle "Corr 2006"]
[Source "ChessBase"]
[SourceDate "2006.04.01"]
[SourceVersion "3"]
[SourceVersionDate "2006.04.01"]
[SourceQuality "1"]

1. f4 d5 2. Nf3 Nf6 3. b3 g6 4. Bb2 Bg7 5. e3 0-0 6. c4 Nc6 7. d4 Bf5 8. Nc3 Nb4 9. Rc1 Ne4 10. a3 Nxc3 11. Rxc3 Na2 12. Rd3 Bxd3 13. Bxd3 c5 14. 0-0 cxd4 15. exd4 Qb6 16. c5 Qc7 17. f5 b6 18. cxb6 axb6 19. Qd2 Rfc8 20. Ra1 gxf5 21. Bxf5 e6 22. Bd3 e5 23. Nxe5 Nc3 24. Rc1 Bxe5 25. dxe5 Qxe5 26. Bxc3 d4 27. Qh6 Qe3+ 28. Qxe3 dxe3 29. a4 Rc5 30. Bc4 Re8 31. Bd4 Rc6 32. Re1 Re7 33. Rxe3 Rxe3 34. Bxe3 Kg7 35. Kf2 Kf6 36. Ke2 h5 37. Kd3 Rd6+ 38. Ke4 Rc6 39. g3 Ke7 40. Kd4 f6 41. Ke4 Rd6 42. a5 bxa5 43. Bc5 Kd7 44. Bxd6 Kxd6 45. Kf5 Ke7 46. h4 1-0

[Event "USA-ch15 prel 07 corr"]
[Site "USA"]
[Date "2000.06.20"]
[Round "?"]
[White "Moldovan, John P"]
[Black "Tomporowski, Stephen"]
[Result "1/2-1/2"]
[WhiteElo "2036"]
[BlackElo "2305"]
[PlyCount "75"]
[EventDate "2000.06.20"]
[EventType "tourn (corr)"]
[EventRounds "12"]
[EventCountry "USA"]
[SourceTitle "Corr 2006"]
[Source "ChessBase"]
[SourceDate "2006.04.01"]
[SourceVersion "3"]
[SourceVersionDate "2006.04.01"]
[SourceQuality "1"]

1. Nf3 d5 2. d4 Bf5 3. c4 e6 4. Nc3 Nf6 5. Qb3 b6 6. Bg5 c6 7. g3 h6 8. Bxf6 Qxf6 9. Bg2 Nd7 10. Qa4 Qd8 11. Ne5 Nxe5 12. dxe5 Qd7 13. Rd1 0-0-0 14. e4 Bg4 15. f3 Bh5 16. exd5 cxd5 17. Qxd7+ Rxd7 18. cxd5 exd5 19. Rxd5 Rxd5 20. Nxd5 Bc5 21. f4 a5 22. Kd2 Rd8 23. Kd3 Bg4 24. Rf1 Kb8 25. a3 Bf5+ 26. Kc4 Rc8 27. Kb5 a4 28. Kxa4 Bc2+ 29. b3 Bf5 30. e6 Bxe6 31. b4 Bd4 32. Rd1 Bf2 33. Rd2 Bg1 34. Bf3 Rc1 35. h4 Bd7+ 36. Kb3 Be6 37. Kb2 Rf1 38. Bg2 1/2-1/2